| 000 | 00744cam a22002413a 4500 | ||
|---|---|---|---|
| 001 | 31050 | ||
| 003 | PGUSA | ||
| 005 | 20140828083655.0 | ||
| 008 | 100123s2010||||xxu|||||s|||||000 | eng d | ||
| 040 |
_aPGUSA _beng |
||
| 042 | _adc | ||
| 050 | 4 | _aQH | |
| 100 | 1 |
_aEaton, Theodore H. _q(Theodore Hildreth), _d1907-1981 |
|
| 245 | 1 | 2 |
_aA New Order of Fishlike Amphibia From the Pennsylvanian of Kansas _h[electronic resource] / _cTheodore H. Eaton |
| 260 |
_bProject Gutenberg, _c2010 |
||
| 506 | _aPublic domain in the USA. | ||
| 516 | _aElectronic text | ||
| 653 | _aPaleontology -- Pennsylvanian | ||
| 653 | _aAmphibians, Fossil | ||
| 830 | 0 |
_aProject Gutenberg _v31050 |
|
| 856 | 4 | 0 | _uhttp://www.gutenberg.org/ebooks/31050 |
| 942 | _cEB | ||
| 999 |
_c260305 _d260305 |
||